GIS Applications for Water, Wastewater, and Stormwater Systems (Record no. 14155)
[ view plain ]
| 000 -LEADER | |
|---|---|
| fixed length control field | 00315nam a22001217a 4500 |
| 020 ## - INTERNATIONAL STANDARD BOOK NUMBER | |
| ISBN | 9780849320972 |
| 082 ## - DEWEY DECIMAL CLASSIFICATION NUMBER | |
| Classification number | 628.1 |
| Item number | SHA/GI |
| 100 ## - MAIN ENTRY--AUTHOR NAME | |
| Personal name | Shamsi, U M |
| 245 ## - TITLE STATEMENT | |
| Title | GIS Applications for Water, Wastewater, and Stormwater Systems |
| 260 ## - PUBLICATION, DISTRIBUTION, ETC. (IMPRINT) | |
| Place of publication | London |
| Name of publisher | Taylor & Francis |
| Year of publication | 2005 |
| 300 ## - PHYSICAL DESCRIPTION | |
| Number of Pages | 413 |
| 942 ## - ADDED ENTRY ELEMENTS (KOHA) | |
| Koha item type | Books |
| Withdrawn status | Lost status | Damaged status | Home library | Current library | Date acquired | Full call number | Accession Number | Koha item type |
|---|---|---|---|---|---|---|---|---|
| KAUAET | KAUAET | 27/08/2022 | 628.1 SHA/GI | 23796 | Books |
